| 000 | 00608nam a22001815i 4500 | ||
|---|---|---|---|
| 001 | 171768 | ||
| 003 | ES-MaACL | ||
| 005 | 20230906214726.0 | ||
| 008 | 090529s1889 sp |||| | spa d | ||
| 040 |
_aCAM _bspa _cCAM |
||
| 110 | 0 |
_aEspaña. _bMinisterio de Fomento. _93868 |
|
| 245 | 1 | 0 | _aReglamento para las Exposiciones Nacionales de Bellas Artes. |
| 250 | _aEd. oficial. | ||
| 260 |
_aMadrid : _b[s.n.], _c1889 ( _fColegio Nacional de Sordo-Mudos y de Ciegos) |
||
| 300 |
_a15 p. ; _c23 cm. |
||
| 611 | 2 | 4 |
_aExposición Nacional de Bellas Artes- _xReglamentos. _9138902 |
| 852 |
_aES-MaACL _jT-893-F-4 |
||
| 999 |
_c171768 _d171768 |
||